| 000 | 00697nam a22002177a 4500 | ||
|---|---|---|---|
| 003 | OSt | ||
| 005 | 20230118132232.0 | ||
| 008 | 221006b |||||||| |||| 00| 0 eng d | ||
| 020 | _a88 7736 083 1 | ||
| 040 | _cBiblioteca Lado V | ||
| 082 |
_a708 _bR812c |
||
| 100 |
_9565 _aRosenberg, David _eeditor _edirector |
||
| 245 |
_aChen Zhen/ _bInvocation of Washing Fire/ |
||
| 260 |
_bADAC _c2003 _aItaly |
||
| 300 |
_a458p. _c24x30cm |
||
| 650 |
_2Tesauro de Arte & Arquitectura _aARTE |
||
| 650 |
_2Tesauro de Arte & Arquitectura _aCATALOGO |
||
| 650 |
_2Tesauro de Arte & Arquitectura _aRECOPILACION |
||
| 700 |
_aXu, Min _edirector _eeditor |
||
| 942 |
_2ddc _c1 _h708 _iR812c _n0 |
||
| 999 |
_c2821 _d2821 |
||